| 000 | 00484nam a22001697a 4500 | ||
|---|---|---|---|
| 003 | NUST - PNEC | ||
| 005 | 20170116180847.0 | ||
| 008 | 150824b xxu||||| |||| 00| 0 eng d | ||
| 020 | _a8174091564 | ||
| 040 | _cLIBRARY | ||
| 082 | _a621.3004 RAI | ||
| 100 |
_95524 _aRai, Dr. H.M |
||
| 245 |
_aConventional and objective type question and answers in electrical engineering _cDr. H. M. Rai |
||
| 260 | _cc.2002 | ||
| 650 |
_95527 _aElectrical Engineering _xEL, EE |
||
| 942 |
_2ddc _cBK |
||
| 999 |
_c64502 _d64502 |
||